000 00324nam a2200145Ia 4500
100 _aGandhi /M/ Shetty /T
942 _cBK
654 _aC odyssey
245 _aThe ''''C'''' Odyssey -unix
260 _bBPB Publications
_aNew Delhi
_c1992
082 _a5.13
_bGAN/SHE
300 _a577
546 _aENGLISH
999 _c29781
_d29781